| 000 | 00466nam a2200169 i 4500 | ||
|---|---|---|---|
| 001 | 20694 | ||
| 003 | ES-MaACL | ||
| 005 | 20230906152339.0 | ||
| 007 | t| | ||
| 008 | 021115s19051973po ||||1| por d | ||
| 110 | 2 |
_aAcademia das Ciências de Lisboa. _91159 |
|
| 245 | 1 | 0 | _aActas das Assambleas Geraes. |
| 260 |
_aLisboa : _b[s.n., _c1905] ( _fTyp. da Academia) |
||
| 300 |
_av. ; _c23 cm. |
||
| 505 | 8 | _aContiene: Fasc. 1º (1899-1905) | |
| 852 |
_aES-MaACL _jG-8731 |
||
| 999 |
_c20694 _d20694 |
||